Statistics for NBA Teams from North to South

Click here to take the quiz!

General Stats

  • This quiz has been taken 59 times
  • The average score is 21 of 29

Answer Stats

LatitudeTeam% Correct
44.979444°NMinnesota Timberwolves
97%
43.643333°NToronto Raptors
97%
43.043611°NMilwaukee Bucks
93%
45.531667°NPortland Trailblazers
90%
42.366303°NBoston Celtics
90%
42.696944°NDetroit Pistons
87%
41.880556°NChicago Bulls
87%
41.496389°NCleveland Cavaliers
87%
40.750556°NNew York Knicks
83%
39.763889°NIndiana Pacers
83%
40.768333°NUtah Jazz
80%
40.68265°NBrooklyn Nets
80%
39.748611°NDenver Nuggets
80%
39.901111°NPhiladelphia 76ers
77%
37.750278°NGolden State Warriors
73%
38.898056°NWashington Wizards
73%
25.781389°NMiami Heat
67%
34.043056°NLos Angeles Clippers/Lakers
67%
29.750833°NHouston Rockets
63%
38.649167°NSacramento Kings
60%
35.463333°NOklahoma City Thunder
60%
35.138333°NMemphis Grizzlies
60%
33.445833°NPhoenix Suns
60%
32.790556°NDallas Mavericks
60%
28.539167°NOrlando Magic
60%
35.225°NCharlotte Hornets
57%
33.757222°NAtlanta Hawks
53%
29.948889°NNew Orleans Pelicans
53%
29.426944°NSan Antonio Spurs
53%

Score Distribution

Percentile by Number Answered

Percent of People with Each Score

Your Score History

You have not taken this quiz